000 00420nam a2200181Ia 4500
001 4060
005 20260306145728.0
008 260306t2004||||xx |||||||||||||| ||spa||
041 _aESP
082 _a306.85
_bH12 Nº 23
100 _aManso, Manoli
_eAUT
245 0 _aTus hijos de 4 a 5 años
260 _c2004
300 _a234 páginas :
_c19 cm.
650 _aGEN
654 _aCED
942 _cLIB
_dJUS
_fJUS
_2ddc
_n
999 _c4060
_d4060